000
00319nam a2200133Ia 4500
999
_c
8586
_d
8586
020
_a
9789383445271
082
_a
959.1 mya-
245
0
_a
Myanmar mein parivartan
260
_a
New Delhi
_b
Vishwa Mamlo ke Bharatiya Parishad
_c
2015
300
_a
xx, 169p
650
_a
Mynamar
700
_a
Bhatia, Rajiv K.
942
_c
BK